Đại số lớp 10

সংরক্ষণ করুন:
গ্রন্থ-পঞ্জীর বিবরন
প্রধান লেখক: Trần Văn Hạo
বিন্যাস: গ্রন্থ
ভাষা:Undetermined
প্রকাশিত: Hà Nội Giáo Dục 1990
বিষয়গুলি:
ট্যাগগুলো: ট্যাগ যুক্ত করুন
কোনো ট্যাগ নেই, প্রথমজন হিসাবে ট্যাগ করুন!
Thư viện lưu trữ: Trung tâm Học liệu Trường Đại học Cần Thơ
LEADER 00497nam a2200193Ia 4500
001 CTU_1068
008 210402s9999 xx 000 0 und d
020 |b 3.500đ 
082 |a 510 
082 |b Đ103h 
100 |a Trần Văn Hạo 
245 0 |a Đại số lớp 10 
245 0 |c Trần Văn Hạo 
260 |a Hà Nội 
260 |b Giáo Dục 
260 |c 1990 
650 |a algebra 
904 |i Minh, 960810 
980 |a Trung tâm Học liệu Trường Đại học Cần Thơ